| 000 | 00394nam a2200145 i 4500 | ||
|---|---|---|---|
| 001 | 58224 | ||
| 003 | ES-MaACL | ||
| 007 | t| | ||
| 008 | 031021s1910 gw ||||1| ger d | ||
| 100 | 1 |
_aDürr, Ernst. _946316 |
|
| 245 | 1 | 0 |
_aErkenntnistheorie / _cvon E. Dürr. |
| 260 |
_aLeipzig : _bQuelle und Meyer, _c1910 ( _fAugust Pries) |
||
| 300 |
_aVIII, 862 p. ; _c22 cm. |
||
| 852 |
_aES-MaACL _jG-2598 |
||
| 999 |
_c58224 _d58224 |
||